Streptomycin und tuberkulose / (Record no. 62011)
[ view plain ]
| 000 -LEADER | |
|---|---|
| campo de control de longitud fija | 00602nam a2200181 i 4500 |
| 001 - NÚMERO DE CONTROL | |
| campo de control | 62011 |
| 003 - IDENTIFICADOR DE NÚMERO DE CONTROL | |
| campo de control | ES-MaACL |
| 005 - FECHA Y HORA DE LA ÚLTIMA TRANSACCIÓN | |
| campo de control | 20230906164606.0 |
| 007 - CAMPO FIJO DE DESCRIPCIÓN FÍSICA--INFORMACIÓN GENERAL | |
| campo de control de longitud fija | t| |
| 008 - DATOS DE LONGITUD FIJA--INFORMACIÓN GENERAL | |
| campo de control de longitud fija | 031117s1948 sz ||||1| ger d |
| 100 1# - ENTRADA PRINCIPAL--NOMBRE DE PERSONA | |
| Nombre de persona | Fanconi, Guido. |
| 9 (RLIN) | 48786 |
| 245 10 - MENCIÓN DEL TÍTULO | |
| Título | Streptomycin und tuberkulose / |
| Mención de responsabilidad, etc. | herausgegen von G. Fanconi und W. Löffler ; unter mitwirkung von J. Barth ... [et al.]. |
| 260 ## - PUBLICACIÓN, DISTRIBUCIÓN, ETC. | |
| Lugar de publicación, distribución, etc. | Basel : |
| Nombre del editor, distribuidor, etc. | Benno Schawabe et Co, |
| Fecha de publicación, distribución, etc. | 1948 ( |
| Lugar de fabricación/manufactura | Switzerland) |
| 300 ## - DESCRIPCIÓN FÍSICA | |
| Extensión | 357 p., 2 lám. : |
| Otras características físicas | il. ; |
| Dimensiones | 25 cm. |
| 700 1# - ENTRADA AGREGADA--NOMBRE PERSONAL | |
| Nombre de persona | Löffler, W. |
| 9 (RLIN) | 73118 |
| 700 1# - ENTRADA AGREGADA--NOMBRE PERSONAL | |
| Nombre de persona | Barth, J. |
| 9 (RLIN) | 26102 |
| 852 ## - LOCALIZACIÓN | |
| Ubicación | ES-MaACL |
| Número de control de estantería | C-5568 |
| Sublocalización o colección | R.26228 |
| Estatus retirado | Estado de pérdida | Estado de daño | No para préstamo | Biblioteca de origen | Biblioteca actual | Ubicación en estantería | Fecha de adquisición | Fuente de adquisición | Total de préstamos | Signatura topográfica completa | Código de barras | Visto por última vez | Precio de reemplazo | Tipo de ítem Koha |
|---|---|---|---|---|---|---|---|---|---|---|---|---|---|---|
| Biblioteca del Ateneo de Madrid | Biblioteca del Ateneo de Madrid | Sala Palomar | 17/01/2008 | C-5568 | 1065016 | 23/02/2023 | 23/02/2023 | Libro impreso |
